<?xml version="1.0" encoding="UTF-8"?>
<record
    xmlns:xsi="http://www.w3.org/2001/XMLSchema-instance"
    xsi:schemaLocation="http://www.loc.gov/MARC21/slim http://www.loc.gov/standards/marcxml/schema/MARC21slim.xsd"
    xmlns="http://www.loc.gov/MARC21/slim">

  <leader>01453nam a2200181 a 4500</leader>
  <datafield tag="020" ind1=" " ind2=" ">
    <subfield code="a">019568275-0</subfield>
  </datafield>
  <datafield tag="082" ind1="0" ind2="0">
    <subfield code="a">324.245 C2</subfield>
    <subfield code="b">LUD</subfield>
  </datafield>
  <datafield tag="100" ind1=" " ind2=" ">
    <subfield code="a">Ludden, David</subfield>
  </datafield>
  <datafield tag="245" ind1=" " ind2=" ">
    <subfield code="a">Making India Hindu</subfield>
  </datafield>
  <datafield tag="260" ind1=" " ind2=" ">
    <subfield code="a">New Delhi</subfield>
    <subfield code="b">Oxford University Press </subfield>
    <subfield code="c">2005</subfield>
  </datafield>
  <datafield tag="300" ind1=" " ind2=" ">
    <subfield code="a">350</subfield>
  </datafield>
  <datafield tag="500" ind1=" " ind2=" ">
    <subfield code="a">includes index and biblioraphy</subfield>
  </datafield>
  <datafield tag="505" ind1=" " ind2=" ">
    <subfield code="a">Introduction: Ayodhyaya: A window on the world: David Luden

Part 1: Mobilizing Hindutva
1. The iconography of Rama's chariot: Richard H. Davis
2. Mass Movement or Elite Conspiracy? The puzzle of Hindu Nationalism: Amrita Basu
3. Communal Mobilization and Changing Majority in Uttar Pradesh: Zoya Hasan
4. Mass Media: Images, Mobilization, and Communalism: Victoria L. Farmer

 Part 2. Genealogies of Hindu and Muslim
5. Music, the Media, and Communal Relations in North India, Past and Present: Peter Manuel
6. Soldier Monks and Militant Sadhus: William R. Pinch
7. Imagining Hindu Rashtra: The Hinduand the Muslim in Bankim Chandra's Writings: Tanika Sarkar
8. The Myth of Unity: Colonial and National Narratives: Mushirul Hasan

Part 3. Community and Conflict

9. Contesting in Public: Colonial Legacies and Contemporary Communalism: Sandria B. Freitag
10. Communalism and Modernity: Richard G. Fox
11. Writing Violence: Peter Van Der Veer
12. Indian Nationalism and the Politics of Hindutva: Sumit Sarkar

 </subfield>
  </datafield>
  <datafield tag="650" ind1=" " ind2=" ">
    <subfield code="a">Fundamentalism-Hindu</subfield>
  </datafield>
  <datafield tag="650" ind1=" " ind2=" ">
    <subfield code="a">Communalism-India</subfield>
  </datafield>
  <datafield tag="700" ind1="1" ind2=" ">
    <subfield code="a">Ludden, David</subfield>
  </datafield>
  <datafield tag="942" ind1=" " ind2=" ">
    <subfield code="c">BK</subfield>
  </datafield>
  <datafield tag="952" ind1=" " ind2=" ">
    <subfield code="0">0</subfield>
    <subfield code="1">0</subfield>
    <subfield code="4">0</subfield>
    <subfield code="7">0</subfield>
    <subfield code="a">HMI</subfield>
    <subfield code="b">HMI</subfield>
    <subfield code="c">GEN</subfield>
    <subfield code="d">2007-04-10</subfield>
    <subfield code="g">495.00</subfield>
    <subfield code="l">3</subfield>
    <subfield code="o">324.245 LUD C1</subfield>
    <subfield code="p">017303</subfield>
    <subfield code="r">2025-03-03</subfield>
    <subfield code="s">2025-01-17</subfield>
    <subfield code="w">2026-01-16</subfield>
    <subfield code="y">BK</subfield>
  </datafield>
  <datafield tag="952" ind1=" " ind2=" ">
    <subfield code="0">0</subfield>
    <subfield code="1">0</subfield>
    <subfield code="4">0</subfield>
    <subfield code="7">0</subfield>
    <subfield code="a">HMI</subfield>
    <subfield code="b">HMI</subfield>
    <subfield code="c">GEN</subfield>
    <subfield code="d">2017-10-31</subfield>
    <subfield code="e">Amazon</subfield>
    <subfield code="g">385.00</subfield>
    <subfield code="l">2</subfield>
    <subfield code="o">324.245 LUD C2</subfield>
    <subfield code="p">25365</subfield>
    <subfield code="r">2025-01-23</subfield>
    <subfield code="s">2025-01-16</subfield>
    <subfield code="w">2026-01-16</subfield>
    <subfield code="y">BK</subfield>
  </datafield>
  <datafield tag="999" ind1=" " ind2=" ">
    <subfield code="c">11990</subfield>
    <subfield code="d">11990</subfield>
  </datafield>
</record>
